[Event "Midland Ch Forrest Cup"]
[Site "Derby"]
[Date "1991.03.22"]
[Round "1"]
[White "Alcock, Michael W"]
[Black "Vere, Joe W"]
[Result "1-0"]
[WhiteElo "2144"]
[BlackElo "1840"]
[PlyCount "67"]
[EventDate "1991.03.22"]
[EventType "swiss"]
[EventRounds "6"]
[EventCountry "ENG"]
[SourceTitle "BritBase"]
[Source "John Saunders"]
[SourceDate "2022.11.28"]
[SourceVersion "1"]
[SourceVersionDate "2022.08.23"]
[SourceQuality "1"]

1. e4 c5 2. Nf3 d6 3. d4 cxd4 4. Nxd4 Nf6 5. Nc3 a6 6. f4 e5 7. Nf3 Nbd7 8. Bd3
Be7 9. O-O O-O 10. a4 Qc7 11. Qe1 Re8 12. fxe5 dxe5 13. Kh1 Nf8 14. Bg5 Be6 15.
Nh4 Ng6 16. Nf5 Nd7 17. Bxe7 Nxe7 18. Ne3 Nc5 19. Be2 Rad8 20. b4 Nd7 21. Ncd5
Bxd5 22. exd5 Nf6 23. c4 b5 24. axb5 axb5 25. c5 Nexd5 26. Bxb5 Nxe3 27. Qxe3
Re7 28. Rfd1 Rb8 29. Ra5 e4 30. Rd6 Ng4 31. Qa3 Re6 32. Be2 Nxh2 33. Ra7 Qc8
34. Kxh2 1-0

[Event "Midland Ch Forrest Cup"]
[Site "Derby"]
[Date "1991.03.22"]
[Round "1"]
[White "Bryce, Andrew"]
[Black "Robinson, John K"]
[Result "1-0"]
[WhiteElo "2200"]
[BlackElo "1968"]
[PlyCount "103"]
[EventDate "1991.03.22"]
[EventType "swiss"]
[EventRounds "6"]
[EventCountry "ENG"]
[SourceTitle "BritBase"]
[Source "John Saunders"]
[SourceDate "2022.11.28"]
[SourceVersion "1"]
[SourceVersionDate "2022.08.23"]
[SourceQuality "1"]

1. d4 Nf6 2. Nf3 c5 3. e3 g6 4. c4 Bg7 5. Nc3 O-O 6. Be2 cxd4 7. Nxd4 Nc6 8.
O-O d6 9. Nc2 Be6 10. Nd5 Rc8 11. Rb1 Ne5 12. Nxf6+ Bxf6 13. b3 b5 14. f4 Nd7
15. cxb5 Bf5 16. Bd3 Bxd3 17. Qxd3 Nc5 18. Qe2 Ne4 19. Bb2 Bc3 20. Nd4 Nd2 21.
Nc6 Rxc6 22. bxc6 Nxb1 23. Rxb1 Bxb2 24. Qxb2 Qb6 25. Qc3 Rc8 26. Rc1 Rc7 27.
Kf2 Qa6 28. a4 Qc8 29. b4 Qf5 30. b5 Qd5 31. Rc2 Qf5 32. Rb2 g5 33. Kg1 gxf4
34. exf4 Qd5 35. h3 Qd1+ 36. Kh2 Qxa4 37. Rb4 Qa2 38. f5 f6 39. Qg3+ Kf8 40.
Qh4 Qf7 41. Rg4 e5 42. fxe6 Qxe6 43. Re4 Qf7 44. Qh6+ Kg8 45. Rg4+ Kh8 46. Rf4
Qg7 47. Qxf6 Qxf6 48. Rxf6 d5 49. Rd6 Rc8 50. Rxd5 a6 51. bxa6 Rxc6 52. a7 1-0

[Event "Midland Ch Forrest Cup"]
[Site "Derby"]
[Date "1991.03.22"]
[Round "1"]
[White "Buckley, Graeme N"]
[Black "Southall, Andrew C"]
[Result "1-0"]
[WhiteElo "2224"]
[BlackElo "1984"]
[PlyCount "63"]
[EventDate "1991.03.22"]
[EventType "swiss"]
[EventRounds "6"]
[EventCountry "ENG"]
[SourceTitle "BritBase"]
[Source "John Saunders"]
[SourceDate "2022.11.28"]
[SourceVersion "1"]
[SourceVersionDate "2022.08.23"]
[SourceQuality "1"]

1. d4 Nf6 2. Nf3 c5 3. d5 e6 4. c4 exd5 5. cxd5 d6 6. Nc3 g6 7. e4 Bg7 8. h3
O-O 9. Bd3 Na6 10. O-O Nc7 11. Re1 Rb8 12. a4 a6 13. a5 b5 14. axb6 Rxb6 15.
Nd2 Nfe8 16. Nc4 Rb4 17. Be3 Bd7 18. e5 Bb5 19. Nxb5 axb5 20. Nxd6 Bxe5 21. Nb7
Qxd5 22. Bxc5 Rxb2 23. Bxf8 Kxf8 24. Rb1 Nf6 25. Rxb2 Bxb2 26. Qd2 Bd4 27. Qb4+
Kg7 28. Qd6 Bxf2+ 29. Kxf2 Qxb7 30. Re7 Qa7+ 31. Kg3 Nfd5 32. Qxd5 1-0

[Event "Midland Ch Forrest Cup"]
[Site "Derby"]
[Date "1991.03.22"]
[Round "1"]
[White "Clarke, Peter C"]
[Black "Nelson, Jonathan P"]
[Result "0-1"]
[WhiteElo "1920"]
[BlackElo "2160"]
[PlyCount "56"]
[EventDate "1991.03.22"]
[EventType "swiss"]
[EventRounds "6"]
[EventCountry "ENG"]
[SourceTitle "BritBase"]
[Source "John Saunders"]
[SourceDate "2022.11.28"]
[SourceVersion "1"]
[SourceVersionDate "2022.08.23"]
[SourceQuality "1"]

1. c4 f5 2. g3 Nf6 3. Bg2 g6 4. d4 Bg7 5. Nc3 O-O 6. e3 d6 7. Nge2 Qe8 8. b3
Na6 9. Qd2 c6 10. O-O Bd7 11. Bb2 Rb8 12. a4 Qf7 13. Ba3 Nc7 14. Rfc1 g5 15. b4
Qh5 16. b5 Ng4 17. h3 Nh6 18. f4 Nf7 19. Rab1 Qg6 20. b6 axb6 21. Rxb6 Nd8 22.
Rcb1 Ra8 23. Qc2 Bf6 24. Kh2 Ne8 25. Bf3 Rf7 26. Rg1 Qh6 27. c5 g4 28. Bh1
Qxh3# 0-1

[Event "Midland Ch Forrest Cup"]
[Site "Derby"]
[Date "1991.03.22"]
[Round "1"]
[White "Cooper, Lawrence"]
[Black "Eames, Robert S"]
[Result "1-0"]
[WhiteElo "2240"]
[BlackElo "2008"]
[PlyCount "100"]
[EventDate "1991.03.22"]
[EventType "swiss"]
[EventRounds "6"]
[EventCountry "ENG"]
[SourceTitle "BritBase"]
[Source "John Saunders"]
[SourceDate "2022.11.28"]
[SourceVersion "1"]
[SourceVersionDate "2022.08.23"]
[SourceQuality "1"]

1. e4 e5 2. Nf3 Nc6 3. Bb5 a6 4. Ba4 Nf6 5. O-O Be7 6. Re1 b5 7. Bb3 O-O 8. c3
d5 9. exd5 Nxd5 10. Nxe5 Nxe5 11. Rxe5 c6 12. d4 Bd6 13. Re1 Qh4 14. g3 Qh3 15.
Be3 Bg4 16. Qd3 Rae8 17. Nd2 Re6 18. a4 bxa4 19. Rxa4 f5 20. Qf1 Qh5 21. f4
Rfe8 22. Rxa6 Rxe3 23. Rxe3 Rxe3 24. Rxc6 Qe8 25. Bxd5+ Kf8 26. Ne4 fxe4 27.
Rxd6 Rd3 28. Bb3 Qb8 29. Qa1 Ke7 (29... Qxb3 $11) 30. Qa5 Qxd6 31. Qg5+ Qf6 32.
Qxg4 Rd2 33. Qc8 Qb6 $2 34. Qg8 Rxb2 35. Qxg7+ Kd8 36. Ba4 Rb1+ 37. Kg2 Rb2+
38. Kh3 Qe6+ 39. g4 e3 40. Qg5+ Kc7 (40... Kc8 $1 $19) 41. d5 Qe4 42. d6+ Kb6
43. Qd8+ Ka6 44. d7 Qf3+ 45. Kh4 Rxh2+ 46. Kg5 h6+ 47. Kg6 Qxg4+ 48. Kh7 Qf5+
49. Kh8 Rd2 50. Qa8+ Kb6 1-0

[Event "Midland Ch Forrest Cup"]
[Site "Derby"]
[Date "1991.03.22"]
[Round "1"]
[White "Hebden, Mark L"]
[Black "Waddingham, Graham A"]
[Result "1-0"]
[WhiteElo "2512"]
[BlackElo "2048"]
[PlyCount "137"]
[EventDate "1991.03.22"]
[EventType "swiss"]
[EventRounds "6"]
[EventCountry "ENG"]
[SourceTitle "BritBase"]
[Source "John Saunders"]
[SourceDate "2022.11.28"]
[SourceVersion "1"]
[SourceVersionDate "2022.08.23"]
[SourceQuality "1"]

1. d4 d5 2. c4 c6 3. Nf3 e6 4. Nbd2 Nf6 5. e3 Nbd7 6. Bd3 b6 7. O-O Bb7 8. e4
dxe4 9. Nxe4 Be7 10. Bf4 O-O 11. Nc3 Re8 12. Qe2 c5 13. dxc5 Bxc5 14. Rad1 Qc8
15. Bc2 e5 16. Bg5 Bd4 17. Nb5 Bxf3 18. Qxf3 Qxc4 19. Bd3 Qxa2 20. Nd6 Qe6 21.
Nxe8 Rxe8 22. Bb5 Rb8 23. Rfe1 Qd6 24. Be3 Nc5 25. h3 Rd8 26. Bg5 h6 27. Bxf6
Qxf6 28. Qxf6 gxf6 29. b4 Ne6 30. Kf1 Nf4 31. Bc4 Nd5 32. b5 Nc3 33. Rc1 Rc8
34. Bd3 Rc7 35. Rc2 Nxb5 36. Rxc7 Nxc7 37. Rc1 Bc5 38. Ke2 Ne6 39. Kf3 Nd4+ 40.
Ke4 a5 41. Rc4 Kf8 42. f4 Nb3 43. Kd5 Ke7 44. fxe5 fxe5 45. Kxe5 Bd6+ 46. Kd5
Nc5 47. Bc2 Ne6 48. Kc6 Bc5 49. Re4 Kf6 50. Kd5 Bg1 51. Re1 Bc5 52. Rf1+ Ke7
53. Bd1 Nc7+ 54. Kc6 Ne6 55. Bh5 f6 56. Re1 Bd4 57. Bd1 Be5 58. Kxb6 Kd6 59.
Ba4 Nf4 60. Rd1+ Ke6 61. g3 Ne2 62. g4 Nf4 63. h4 Ng2 64. h5 Ke7 65. Rd7+ Ke6
66. Kc6 f5 67. Bb3+ Kf6 68. Rf7+ Kg5 69. Rxf5+ 1-0

[Event "Midland Ch Forrest Cup"]
[Site "Derby"]
[Date "1991.03.22"]
[Round "1"]
[White "Jackson, Oliver A"]
[Black "Cooksey, JA."]
[Result "1-0"]
[WhiteElo "2128"]
[BlackElo "1968"]
[PlyCount "69"]
[EventDate "1991.03.22"]
[EventType "swiss"]
[EventRounds "6"]
[EventCountry "ENG"]
[SourceTitle "BritBase"]
[Source "John Saunders"]
[SourceDate "2022.11.28"]
[SourceVersion "1"]
[SourceVersionDate "2022.08.23"]
[SourceQuality "1"]

1. e4 d6 2. d4 Nf6 3. Nc3 g6 4. Bg5 Bg7 5. Qd2 c5 6. dxc5 O-O 7. O-O-O Qa5 8.
cxd6 exd6 9. Bxf6 Bxf6 10. Nd5 Qd8 11. Nxf6+ Qxf6 12. Nf3 Nc6 13. Bc4 Be6 14.
Bd5 Rac8 15. Kb1 a5 16. a3 b5 17. Bxc6 Rxc6 18. Nd4 Rb6 19. Qxa5 Rfb8 20. Qb4
Rc8 21. Nxe6 Qxe6 22. Rd4 Rbc6 23. c3 d5 24. Rhd1 Rc4 25. Qxb5 Rxd4 26. Rxd4
dxe4 27. Qd7 Qa6 28. Rxe4 Rb8 29. Re8+ Rxe8 30. Qxe8+ Kg7 31. Qe5+ Kf8 32. Qc5+
Kg7 33. c4 Qa4 34. Qd4+ Kg8 35. g3 1-0

[Event "Midland Ch Forrest Cup"]
[Site "Derby"]
[Date "1991.03.22"]
[Round "1"]
[White "Joseph, Stephen Mario"]
[Black "House, Glenn L"]
[Result "0-1"]
[WhiteElo "1928"]
[BlackElo "2232"]
[PlyCount "80"]
[EventDate "1991.03.22"]
[EventType "swiss"]
[EventRounds "6"]
[EventCountry "ENG"]
[SourceTitle "BritBase"]
[Source "John Saunders"]
[SourceDate "2022.11.28"]
[SourceVersion "1"]
[SourceVersionDate "2022.08.23"]
[SourceQuality "1"]

1. d4 d5 2. Nf3 e6 3. c4 c5 4. e3 Nf6 5. Nc3 Be7 6. dxc5 Bxc5 7. Be2 O-O 8. O-O
Nc6 9. a3 a6 10. b4 Be7 11. Bb2 dxc4 12. Bxc4 b5 13. Bd3 Bb7 14. Qc2 Rc8 15.
Rad1 Qc7 16. Ne4 Nxe4 17. Bxe4 h6 18. Ne5 Bd6 19. Nxc6 Bxc6 20. Bxc6 Qxc6 21.
Qxc6 Rxc6 22. Rc1 Rfc8 23. Rxc6 Rxc6 24. Rc1 Rxc1+ 25. Bxc1 f5 26. f4 $2 e5 $1
$17 27. Kf2 Kf7 28. g3 e4 29. h3 Ke6 30. Bb2 g6 31. Ke2 Kd5 32. Kd2 Kc4 33. Kc2
h5 34. Bc3 Be7 35. h4 Bd8 36. Bd2 Bb6 37. Bc1 a5 38. Bd2 axb4 39. Bxb4 Bxe3 40.
Be1 Bc5 0-1

[Event "Midland Ch Forrest Cup"]
[Site "Derby"]
[Date "1991.03.22"]
[Round "1"]
[White "Ledger, Dave J"]
[Black "Burke, Steven J"]
[Result "1/2-1/2"]
[WhiteElo "2160"]
[BlackElo "1928"]
[PlyCount "94"]
[EventDate "1991.03.22"]
[EventType "swiss"]
[EventRounds "6"]
[EventCountry "ENG"]
[SourceTitle "BritBase"]
[Source "John Saunders"]
[SourceDate "2022.11.28"]
[SourceVersion "1"]
[SourceVersionDate "2022.08.23"]
[SourceQuality "1"]

{Faulty score} 1. e4 e5 2. Bc4 Nf6 3. d3 Be7 4. Nf3 d6 5. c3 O-O 6. O-O c6 7.
Nbd2 d5 8. Bb3 Qc7 9. Qe2 Bd6 10. Re1 Re8 11. Nf1 Bg4 12. h3 Bh5 13. g4 Bg6 14.
Ng3 Nbd7 15. Nh4 dxe4 16. dxe4 Nc5 17. Bc2 Ne6 18. Ngf5 Bf8 19. Qf3 Rad8 20.
Be3 Bc5 21. Bc1 Bf8 22. Ng2 a5 23. h4 h5 24. g5 Ng4 25. Nge3 Nxe3 26. Bxe3 Bc5
27. Bc1 {('Bc8' - I've simply guessed at a 'pass move')} Nf4 28. Bxf4 exf4 29.
Rad1 Qe5 30. Rxd8 Rxd8 31. Rd1 Rxd1+ 32. Qxd1 Bxf5 33. exf5 Bxf2+ 34. Kf1 Qe8
35. Bb3 Bxh4 36. g6 Qe7 37. gxf7+ Kf8 38. Be6 g6 39. Qd4 Bf6 40. Qxf4 gxf5 41.
Qxf5 Bg7 42. Kg2 Qf6 43. Qe4 Qg5+ 44. Kf3 Qf6+ 45. Kg3 Qg5+ 46. Kf3 Qf6+ 47.
Kg2 Qg5+ 1/2-1/2

[Event "Midland Ch Forrest Cup"]
[Site "Derby"]
[Date "1991.03.22"]
[Round "1"]
[White "Sagall, Roy"]
[Black "Evans, Raymond G"]
[Result "1/2-1/2"]
[WhiteElo "2040"]
[BlackElo "2152"]
[PlyCount "79"]
[EventDate "1991.03.22"]
[EventType "swiss"]
[EventRounds "6"]
[EventCountry "ENG"]
[SourceTitle "BritBase"]
[Source "John Saunders"]
[SourceDate "2022.11.28"]
[SourceVersion "1"]
[SourceVersionDate "2022.08.23"]
[SourceQuality "1"]

1. d4 Nf6 2. Bg5 d5 3. Nc3 Nbd7 4. Nf3 g6 5. e3 Bg7 6. Bd3 c6 7. O-O O-O 8. Re1
Re8 9. e4 dxe4 10. Nxe4 Nxe4 11. Rxe4 Nf6 12. Re1 Bg4 13. Bxf6 Bxf6 14. c3 Qb6
15. Rb1 Rad8 16. h3 Be6 17. Qa4 c5 18. dxc5 Qxc5 19. Be4 b5 20. Qa5 Kg7 21.
Rbd1 Rb8 22. Nd4 Bxd4 23. Rxd4 Qb6 24. Qxb6 Rxb6 25. Bd5 Bc8 26. Bb3 h5 27. Re5
a6 28. a4 f6 29. Rc5 Rb7 30. Bd5 Rd7 31. axb5 axb5 32. Rb4 Ba6 33. Bf3 Red8 34.
Be2 Rd2 35. Bxb5 Bxb5 36. Rcxb5 Re2 37. Rd4 Ra8 38. g3 Ra1+ 39. Kg2 Rc1 40. h4
1/2-1/2

[Event "Midland Ch Forrest Cup"]
[Site "Derby"]
[Date "1991.03.22"]
[Round "1"]
[White "Smith, Graham M"]
[Black "Ledger, Andrew J"]
[Result "0-1"]
[WhiteElo "2040"]
[BlackElo "2312"]
[PlyCount "70"]
[EventDate "1991.03.22"]
[EventType "swiss"]
[EventRounds "6"]
[EventCountry "ENG"]
[SourceTitle "BritBase"]
[Source "John Saunders"]
[SourceDate "2022.11.28"]
[SourceVersion "1"]
[SourceVersionDate "2022.08.23"]
[SourceQuality "1"]

1. e4 c6 2. d4 d5 3. exd5 cxd5 4. c4 Nf6 5. Nc3 g6 6. Qb3 Bg7 7. cxd5 O-O 8.
Be2 Nbd7 9. Bf3 Nb6 10. Nge2 Bf5 11. O-O a5 12. d6 exd6 13. Bxb7 Rb8 14. Bf3
Nbd5 15. Qd1 Nb4 16. Ng3 Bd3 17. Be2 Bxe2 18. Ngxe2 Re8 19. Bg5 Qd7 20. Bxf6
Bxf6 21. a3 Nc6 22. Nd5 Bg7 23. Qd2 Qb7 24. b4 axb4 25. axb4 Qb5 26. Nec3 Qc4
27. b5 Nxd4 28. Ra4 Qc5 29. Rb1 Rb7 30. b6 Rc8 31. Qa2 Nf5 32. Ra8 Bxc3 33.
Rxc8+ Qxc8 34. Nxc3 Ne7 35. h3 $4 (35. Qa1 $16) 35... Qxc3 0-1

[Event "Midland Ch Forrest Cup"]
[Site "Derby"]
[Date "1991.03.22"]
[Round "1"]
[White "Walker, RG."]
[Black "Barnes, Michael H"]
[Result "1/2-1/2"]
[WhiteElo "1872"]
[BlackElo "2144"]
[PlyCount "57"]
[EventDate "1991.03.22"]
[EventType "swiss"]
[EventRounds "6"]
[EventCountry "ENG"]
[SourceTitle "BritBase"]
[Source "John Saunders"]
[SourceDate "2022.11.28"]
[SourceVersion "1"]
[SourceVersionDate "2022.08.23"]
[SourceQuality "1"]

1. e4 c5 2. f4 Nc6 3. Nf3 g6 4. Bb5 Nd4 5. Nxd4 cxd4 6. O-O Bg7 7. d3 Nf6 8.
Nd2 O-O 9. Ba4 d5 10. e5 Nd7 11. Nf3 Nc5 12. Bb3 Nxb3 13. axb3 Qb6 14. Bd2 f6
15. Kh1 Bg4 16. exf6 Bxf6 17. h3 Bxf3 18. Qxf3 e6 19. Qg4 Bg7 20. Ba5 Qc6 21.
Rac1 Rf5 22. Bd2 Raf8 23. Qe2 Qd6 24. Rce1 e5 25. g4 R5f7 26. fxe5 Rxf1+ 27.
Rxf1 Rxf1+ 28. Qxf1 Qxe5 29. Qe1 1/2-1/2

[Event "Midland Ch Forrest Cup"]
[Site "Derby"]
[Date "1991.03.23"]
[Round "2"]
[White "Alcock, Michael W"]
[Black "Cooper, Lawrence"]
[Result "0-1"]
[WhiteElo "2144"]
[BlackElo "2240"]
[PlyCount "66"]
[EventDate "1991.03.22"]
[EventType "swiss"]
[EventRounds "6"]
[EventCountry "ENG"]
[SourceTitle "BritBase"]
[Source "John Saunders"]
[SourceDate "2022.11.28"]
[SourceVersion "1"]
[SourceVersionDate "2022.08.23"]
[SourceQuality "1"]

1. e4 e5 2. Nf3 Nc6 3. Bb5 a6 4. Ba4 Nf6 5. Bxc6 dxc6 6. d3 Nd7 7. Nbd2 Be7 8.
Nc4 f6 9. Bd2 O-O 10. Qe2 c5 11. g4 Nb8 12. Rg1 Nc6 13. O-O-O Be6 14. g5 Qe8
15. gxf6 Bxf6 16. Bc3 b5 17. Ne3 Qf7 18. b3 Nd4 19. Bxd4 cxd4 20. Ng4 Bxg4 21.
Rxg4 a5 22. Rdg1 a4 23. Qd2 Qe7 24. Kb1 c5 25. Ng5 c4 26. dxc4 bxc4 27. Qe2 d3
28. cxd3 axb3 29. Nxh7 Kxh7 30. Rg6 bxa2+ 31. Ka1 Qa7 32. Qh5+ Kg8 33. Rh6 Qd4#
0-1

[Event "Midland Ch Forrest Cup"]
[Site "Derby"]
[Date "1991.03.23"]
[Round "2"]
[White "Barnes, Michael H"]
[Black "Sagall, Roy"]
[Result "1-0"]
[WhiteElo "2144"]
[BlackElo "2040"]
[PlyCount "49"]
[EventDate "1991.03.22"]
[EventType "swiss"]
[EventRounds "6"]
[EventCountry "ENG"]
[SourceTitle "BritBase"]
[Source "John Saunders"]
[SourceDate "2022.11.28"]
[SourceVersion "1"]
[SourceVersionDate "2022.08.23"]
[SourceQuality "1"]

1. d4 Nf6 2. Nf3 g6 3. Nc3 d5 4. Bf4 Bg7 5. e3 O-O 6. Be2 Nbd7 7. h4 c5 8. Ne5
e6 9. h5 Ne4 10. Nxe4 dxe4 11. hxg6 hxg6 12. Bc4 Qb6 13. Bb3 Nxe5 14. Bxe5 Bxe5
15. dxe5 c4 16. Qg4 Qa5+ 17. c3 Qxe5 18. Bxc4 Rd8 19. Qh4 Rd6 20. Ke2 b5 21.
Qe7 Bd7 22. Rh7 Be8 23. Rah1 Rad8 24. Bb3 f5 25. Bxe6+ 1-0

[Event "Midland Ch Forrest Cup"]
[Site "Derby"]
[Date "1991.03.23"]
[Round "2"]
[White "Edwards, Louis Alan"]
[Black "Joseph, Stephen Mario"]
[Result "1-0"]
[WhiteElo "2216"]
[BlackElo "1928"]
[PlyCount "103"]
[EventDate "1991.03.22"]
[EventType "swiss"]
[EventRounds "6"]
[EventCountry "ENG"]
[SourceTitle "BritBase"]
[Source "John Saunders"]
[SourceDate "2022.11.28"]
[SourceVersion "1"]
[SourceVersionDate "2022.08.23"]
[SourceQuality "1"]

1. e4 c5 2. c3 d5 3. exd5 Qxd5 4. d4 e6 5. Nf3 Nf6 6. Bd3 Nc6 7. O-O Be7 8. Be3
cxd4 9. cxd4 O-O 10. Nc3 Qd8 11. a3 b6 12. Re1 Bb7 13. Bc2 Na5 14. Ne5 Nd5 15.
Qd3 f5 16. Nxd5 Qxd5 17. f3 b5 18. Bd2 Nc4 19. Bb3 Rac8 20. Rac1 Ba6 21. a4 Bf6
22. axb5 Nxe5 23. Rxe5 Rxc1+ 24. Bxc1 Bxb5 25. Bxd5 Bxd3 26. Rxe6 Kh8 27. Be3
f4 28. Bf2 Bf5 29. Rc6 h5 30. Be4 Bxe4 31. fxe4 Rd8 32. Rc4 Rb8 33. Rc2 Rb4 34.
e5 Be7 35. h4 Rb5 36. Rc7 Bb4 37. Rxa7 Kh7 38. Rf7 Kg6 39. Rxf4 Bd2 40. Rf3
Rxb2 41. g3 Rb5 42. Kg2 Rd5 43. Kh3 Ba5 44. g4 Bb6 45. Rf4 Bc7 46. gxh5+ Kxh5
47. Rf5+ Kg6 48. Kg4 Bd8 49. h5+ Kh7 50. Kf3 Bb6 51. Ke4 Rd8 52. d5 1-0

[Event "Midland Ch Forrest Cup"]
[Site "Derby"]
[Date "1991.03.23"]
[Round "2"]
[White "Evans, Raymond G"]
[Black "Cockerill, Frank S"]
[Result "1-0"]
[WhiteElo "2152"]
[BlackElo "2056"]
[PlyCount "73"]
[EventDate "1991.03.22"]
[EventType "swiss"]
[EventRounds "6"]
[EventCountry "ENG"]
[SourceTitle "BritBase"]
[Source "John Saunders"]
[SourceDate "2022.11.28"]
[SourceVersion "1"]
[SourceVersionDate "2022.08.23"]
[SourceQuality "1"]

1. e4 e5 2. Nf3 Nc6 3. Bb5 a6 4. Ba4 Nf6 5. d3 b5 6. Bb3 Be7 7. a4 Bb7 8. Nc3
b4 9. Nd5 Nd4 10. Nxd4 exd4 11. Nxe7 Qxe7 12. O-O O-O-O 13. Bd2 d5 14. exd5
Nxd5 15. Qg4+ Kb8 16. Qxd4 c5 17. Qg4 h5 18. Qg3+ Ka8 19. Rae1 Qd7 20. f3 f6
21. Qf2 Qc7 22. Re4 Rhe8 23. Rc4 Rc8 24. d4 g5 25. Rxc5 Qd7 26. Rxc8+ Qxc8 27.
Re1 g4 28. Rxe8 Qxe8 29. fxg4 hxg4 30. Qe1 Qc6 31. Qe4 Qd7 32. Qe2 f5 33. Qe5
Ne7 34. Bf4 Nc6 35. Qh8+ Ka7 36. d5 Ne7 37. Be3# 1-0

[Event "Midland Ch Forrest Cup"]
[Site "Derby"]
[Date "1991.03.23"]
[Round "2"]
[White "Garwell Richmond, Jane"]
[Black "Gibbons, Michael J"]
[Result "1-0"]
[WhiteElo "2104"]
[BlackElo "1808"]
[PlyCount "57"]
[EventDate "1991.03.22"]
[EventType "swiss"]
[EventRounds "6"]
[EventCountry "ENG"]
[SourceTitle "BritBase"]
[Source "John Saunders"]
[SourceDate "2022.11.28"]
[SourceVersion "1"]
[SourceVersionDate "2022.08.23"]
[SourceQuality "1"]

1. e4 e6 2. d4 d5 3. Nc3 Bb4 4. e5 Qd7 5. Bd2 Nc6 6. Nf3 b6 7. Bd3 Bb7 8. O-O
O-O-O 9. a3 Bf8 10. b4 Nge7 11. Ne2 Nf5 12. b5 Nce7 13. a4 c5 14. bxc6 Nxc6 15.
a5 f6 16. axb6 axb6 17. Bb5 Be7 18. c3 Kc7 19. Bf4 Ra8 20. exf6+ Bd6 21. Ne5
Rxa1 22. Qxa1 Qc8 23. Nf7 Bxf4 24. Nxh8 Bxh2+ 25. Kxh2 Qxh8 26. Nf4 gxf6 27.
Nxe6+ Kd7 28. Qa7 Nd6 29. Qxb6 1-0

[Event "Midland Ch Forrest Cup"]
[Site "Derby"]
[Date "1991.03.23"]
[Round "2"]
[White "House, Glenn L"]
[Black "Ledger, Stephen C"]
[Result "1-0"]
[WhiteElo "2232"]
[BlackElo "2040"]
[PlyCount "95"]
[EventDate "1991.03.22"]
[EventType "swiss"]
[EventRounds "6"]
[EventCountry "ENG"]
[SourceTitle "BritBase"]
[Source "John Saunders"]
[SourceDate "2022.11.28"]
[SourceVersion "1"]
[SourceVersionDate "2022.08.23"]
[SourceQuality "1"]

1. e4 c5 2. Nf3 Nc6 3. d4 cxd4 4. Nxd4 Nf6 5. Nc3 e5 6. Ndb5 d6 7. Bg5 a6 8.
Na3 b5 9. Bxf6 gxf6 10. Nd5 f5 11. c3 Bg7 12. exf5 Bxf5 13. Nc2 O-O 14. Nce3
Be6 15. g3 f5 16. Bg2 Rc8 17. O-O f4 18. Nc2 Ne7 19. Ncb4 a5 20. Nxe7+ Qxe7 21.
Nd5 Qf7 22. Qf3 Rc5 23. Rad1 h5 24. h3 fxg3 25. Qxf7+ Rxf7 26. fxg3 Rxf1+ 27.
Kxf1 Kf7 28. Kg1 Bxd5 29. Bxd5+ Ke7 30. h4 b4 31. c4 e4 32. b3 e3 33. Rf1 Bd4
34. Kg2 Ke8 35. Rf4 Be5 36. Re4 Rc7 37. Rxe3 Rg7 38. Be4 Kf7 39. Bc2 Kf6 40.
Bd1 Kg6 41. c5 Kh6 42. c6 Rc7 43. Bf3 Rg7 44. Bd5 Kh7 45. Rf3 Kh6 46. Bf7 d5
47. Bxd5 Kh7 48. Rf7 {"etc"} 1-0

[Event "Midland Ch Forrest Cup"]
[Site "Derby"]
[Date "1991.03.23"]
[Round "2"]
[White "Ledger, Andrew J"]
[Black "Jackson, Oliver A"]
[Result "0-1"]
[WhiteElo "2312"]
[BlackElo "2128"]
[PlyCount "102"]
[EventDate "1991.03.22"]
[EventType "swiss"]
[EventRounds "6"]
[EventCountry "ENG"]
[SourceTitle "BritBase"]
[Source "John Saunders"]
[SourceDate "2022.11.28"]
[SourceVersion "1"]
[SourceVersionDate "2022.08.23"]
[SourceQuality "1"]

1. Nf3 d6 2. d4 Bg4 3. g3 Bxf3 4. exf3 g6 5. Bg2 Bg7 6. f4 Nc6 7. c3 e6 8. O-O
Nge7 9. b4 a6 10. Nd2 O-O 11. Nb3 Rb8 12. a4 Nd5 13. Qd3 b5 14. f5 gxf5 15.
Bxd5 exd5 16. axb5 axb5 17. Qxf5 Ne7 18. Qh5 Qd7 19. Bh6 Bxh6 20. Qxh6 Qf5 21.
Rfe1 Ng6 22. h4 Rfe8 23. Nd2 Re6 24. Rxe6 fxe6 25. h5 Nh8 26. Re1 Re8 27. Qe3
Qxh5 28. f4 Ng6 29. Nf3 Nf8 30. Ra1 Qg4 31. Nh2 Qg7 32. Ra7 Re7 33. Kg2 Qg6 34.
Rb7 Rg7 35. Rxb5 Qc2+ 36. Kg1 Qd1+ 37. Nf1 h5 38. Rb8 Qg4 39. Kf2 h4 40. Qf3
Qf5 41. Kg2 Qc2+ 42. Kh3 hxg3 43. Nxg3 Rh7+ 44. Nh5 Kf7 45. Kg3 Qf5 46. Rc8
Rxh5 47. Rxc7+ Kf6 48. Kg2 Qc2+ 49. Kg1 Qc1+ 50. Kf2 Rh2+ 51. Kg3 Qg1+ 0-1

[Event "Midland Ch Forrest Cup"]
[Site "Derby"]
[Date "1991.03.23"]
[Round "2"]
[White "Naylor, John"]
[Black "Walker, RG."]
[Result "1-0"]
[WhiteElo "2128"]
[BlackElo "1872"]
[PlyCount "81"]
[EventDate "1991.03.22"]
[EventType "swiss"]
[EventRounds "6"]
[EventCountry "ENG"]
[SourceTitle "BritBase"]
[Source "John Saunders"]
[SourceDate "2022.11.28"]
[SourceVersion "1"]
[SourceVersionDate "2022.08.23"]
[SourceQuality "1"]

1. e4 e5 2. Bc4 Bc5 3. Nc3 Nf6 4. d3 O-O 5. Bg5 d6 6. Nd5 Nbd7 7. Qf3 c6 8. Ne3
Nb6 9. Bxf6 Qxf6 10. Qxf6 gxf6 11. O-O-O Nxc4 12. dxc4 Be6 13. b3 a5 14. a4 b5
15. cxb5 cxb5 16. Ne2 bxa4 17. bxa4 Rab8 18. Nc3 Ba3+ 19. Kd2 Bb4 20. Kd3 Rfc8
21. Ncd5 Kg7 22. Rb1 Bd7 23. Rb2 Bxa4 24. Rhb1 Bb5+ 25. c4 Ba6 26. Nxb4 Rxb4
27. Rxb4 axb4 28. Rxb4 Rc6 29. Nf5+ Kf8 30. Rb8+ Bc8 31. Kc3 Ke8 32. Rxc8+ Rxc8
33. Nxd6+ Kd7 34. Nxc8 Kxc8 35. c5 Kc7 36. g4 Kb7 37. Kc4 Kc6 38. Kb4 Kc7 39.
Kb5 Kb7 40. c6+ Kc7 41. Kc5 1-0

[Event "Midland Ch Forrest Cup"]
[Site "Derby"]
[Date "1991.03.23"]
[Round "2"]
[White "Nelson, Jonathan P"]
[Black "Hebden, Mark L"]
[Result "0-1"]
[WhiteElo "2160"]
[BlackElo "2512"]
[PlyCount "118"]
[EventDate "1991.03.22"]
[EventType "swiss"]
[EventRounds "6"]
[EventCountry "ENG"]
[SourceTitle "BritBase"]
[Source "John Saunders"]
[SourceDate "2022.11.28"]
[SourceVersion "1"]
[SourceVersionDate "2022.08.23"]
[SourceQuality "1"]

1. e4 e5 2. f4 exf4 3. Nf3 g5 4. h4 g4 5. Ne5 Nf6 6. d4 d6 7. Nd3 Nxe4 8. Qe2
Qe7 9. Bxf4 Nc6 10. c3 Bf5 11. Nd2 O-O-O 12. O-O-O Re8 13. Re1 Qe6 14. Nxe4
Bxe4 15. b3 h5 16. Qd2 Bg7 17. Nf2 Qf5 18. Nxe4 Rxe4 19. Rxe4 Qxe4 20. Bd3 Qxf4
21. Qxf4 Bh6 22. Rf1 Bxf4+ 23. Rxf4 Nd8 24. Bf5+ Kb8 25. Re4 b5 26. c4 bxc4 27.
bxc4 Kb7 28. Kd2 Nc6 29. Rf4 Kb6 30. Bd3 Re8 31. Rf5 Nxd4 32. Rxh5 g3 33. Rg5
Rh8 34. h5 c5 35. Be4 f6 36. Rxg3 Rxh5 37. Rg7 Re5 38. Kd3 Nc6 39. Bxc6 Kxc6
40. Rxa7 Rg5 41. Rf7 Rg3+ 42. Ke4 Rc3 43. Rxf6 Rxc4+ 44. Kf5 Rc2 45. g4 Rf2+
46. Kg6 Rxa2 47. g5 Rg2 48. Kh6 Rh2+ 49. Kg7 c4 50. g6 c3 51. Rf3 c2 52. Rc3+
Kd7 53. Kg8 d5 54. g7 d4 55. Rc4 d3 56. Rc3 Ke6 57. Kf8 Rf2+ 58. Ke8 Rg2 59.
Kf8 d2 0-1